| 000 | 00590nam a2200229 a 4500 | ||
|---|---|---|---|
| 999 |
_c5250 _d5250 |
||
| 001 | 5250 | ||
| 003 | BD-JhCC | ||
| 005 | 20171211171415.0 | ||
| 008 | 171211s1968 bg a|||| ||a| 000 0 eng d | ||
| 035 | _a(BD-JhCC)5250 | ||
| 040 |
_aBD-JhCC _dBD-JhCC |
||
| 041 | _aeng | ||
| 082 |
_a309.22 _bBLA 1968 |
||
| 100 | _aBlack, Lloyd D. | ||
| 245 |
_aThe Strategy Of Foreign Aid / _cLloyd D. Black |
||
| 260 |
_aMelbourne _bD. Van Nostrand Company Inc, _c1968. |
||
| 260 | _aNew Jersey : | ||
| 300 |
_a175 p. : _c21 cm. |
||
| 650 | _aEconomic Assistance | ||
| 942 |
_2ddc _cBK |
||